Bus stop /

A comedy-drama about a naive but brash young cowboy from Montana who goes to Phoenix to compete in a rodeo and learns about life and love from a cafe singer whom he tries to force into marriage.

Bibliographic Details
Corporate Authors: Twentieth Century-Fox Film Corporation, Twentieth Century Fox Home Entertainment, Inc
Other Authors: Monroe, Marilyn, 1926-1962, Murray, Don, 1929-, O'Connell, Arthur, 1908-1981, Field, Betty, 1918-1973, Heckart, Eileen, 1919-2001, Inge, William
Format: Video DVD
Language:English
Published: Beverly Hills, Calif. : Twentieth Century Fox Home Entertainment, Inc., [2001]
Edition:Widescreen ed.
Series:Marilyn Monroe, the diamond collection.
Subjects:

MARC

Tag First Indicator Second Indicator Subfields
LEADER 00000cgm a2200000la 4500
001 in00001641321
005 20151023090717.0
007 vd cgaizk
008 010924p20011956cau105 g vleng d
028 4 2 |a 2001409  |b Twentieth Century Fox Home Entertainment, Inc. 
035 |a (OCoLC)ocm48020125 
040 |a IUL  |c IUL  |d TXA  |d UtOrBLW 
049 |a TXAM 
090 |a PN1997  |b .B98 2001 
245 0 0 |a Bus stop /  |c Twentieth Century-Fox Film Corporation ; produced by Buddy Adler ; directed by Joshua Logan ; screenplay by George Axelrod. 
250 |a Widescreen ed. 
264 1 |a Beverly Hills, Calif. :  |b Twentieth Century Fox Home Entertainment, Inc.,  |c [2001] 
264 4 |c ©2001 
300 |a 1 videodisc (105 min.) :  |b sound, color ;  |c 4 3/4 in. 
336 |a two-dimensional moving image  |b tdi  |2 rdacontent 
337 |a video  |b v  |2 rdamedia 
338 |a videodisc  |b vd  |2 rdacarrier 
490 1 |a Marilyn Monroe, the diamond collection 
538 |a DVD ; Dolby digital ; aspect ratio 1.85:1. 
500 |a English and French soundtracks with English and Spanish subtitles. 
500 |a Closed captioned for the hearing impaired. 
511 1 |a Marilyn Monroe, Don Murray, Arthur O'Connell, Betty Field, Eileen Heckart. 
508 |a Director of photography, Milton Krasner ; editor, William Reynolds ; art, Mark Lee Kirk and Lyle Wheeler ; music, Alfred Newman and Cyril Mockridge ; costumes, Billy Travilla. 
500 |a Videodisc release of the 1956 motion picture. 
500 |a Based on the play by William Inge. 
500 |a Special features : theatrical trailer, lobby cards and restoration comparison. 
520 |a A comedy-drama about a naive but brash young cowboy from Montana who goes to Phoenix to compete in a rodeo and learns about life and love from a cafe singer whom he tries to force into marriage. 
500 |a Videorecording. 
650 0 |a Films for the hearing impaired. 
650 0 |a Comedy films. 
650 0 |a Feature films. 
700 1 |a Monroe, Marilyn,  |d 1926-1962. 
700 1 |a Murray, Don,  |d 1929- 
700 1 |a O'Connell, Arthur,  |d 1908-1981. 
700 1 |a Field, Betty,  |d 1918-1973. 
700 1 |a Heckart, Eileen,  |d 1919-2001. 
700 1 |a Inge, William.  |t Bus stop. 
710 2 |a Twentieth Century-Fox Film Corporation. 
710 2 |a Twentieth Century Fox Home Entertainment, Inc. 
830 0 |a Marilyn Monroe, the diamond collection. 
948 |a cataloged  |b h  |c 2001/11/6  |d c  |e dmitchel  |f 2:24:26 pm 
994 |a E0  |b TXA 
999 |a MARS 
999 f f |s e3521704-db7c-3592-bdfa-c1136ece798a  |i 6c4bb947-41c9-3c27-9aff-60b71247115e  |t 0 
952 f f |p dvd  |a Texas A&M University  |b College Station  |c Sterling C. Evans Library  |d Evans: Media and Reserves (Annex 1st floor)  |t 0  |e PN1997 .B98 2001  |h Library of Congress classification  |i video -- videodisc  |m A14826363928 
998 f f |a PN1997 .B98 2001  |t 0  |l Evans: Media and Reserves (Annex 1st floor)